000 00628nam a2200181Ia 4500
008 151018s9999 xx 000 0 und d
082 _bRBASDV11864
_a615.82
100 _aब }. वैद्य
245 _aआरोग्यासाठी योगासने
250 _b1
260 _bमॅजेस्टीक प्रकाशन मुंबई
_c1977
300 _a119
600 _aब }. वैद्य
630 _aआरोग्यासाठी योगासने
700 _aब }. वैद्य
730 _aआरोग्यासाठी योगासने
942 _cBOOK
999 _c1014206
_d1014203